You know you love me : (Record no. 328583)

000 -LEADER
fixed length control field 01148cam a2200277 a 4500
001 - CONTROL NUMBER
control field 12727540
003 - CONTROL NUMBER IDENTIFIER
control field Nust
005 - DATE AND TIME OF LATEST TRANSACTION
control field 20170412122401.0
008 - FIXED-LENGTH DATA ELEMENTS--GENERAL INFORMATION
fixed length control field 020402s2002 mau d 000 1 eng
010 ## - LIBRARY OF CONGRESS CONTROL NUMBER
LC control number 2002066087
020 ## - INTERNATIONAL STANDARD BOOK NUMBER
International Standard Book Number 9780747563433
040 ## - CATALOGING SOURCE
Original cataloging agency DLC
Transcribing agency DLC
Modifying agency DLC
042 ## - AUTHENTICATION CODE
Authentication code lcac
050 00 - LIBRARY OF CONGRESS CALL NUMBER
Classification number PZ7.V94
Item number Yo 2002
082 00 - DEWEY DECIMAL CLASSIFICATION NUMBER
Classification number 813.6
Author Mark ZIE
100 1# - MAIN ENTRY--PERSONAL NAME
Personal name Von Ziegesar, Cecily.
245 10 - TITLE STATEMENT
Title You know you love me :
Remainder of title a Gossip Girl novel /
Statement of responsibility, etc. by Cecily von Ziegesar.
250 ## - EDITION STATEMENT
Edition statement 1st ed.
260 ## - PUBLICATION, DISTRIBUTION, ETC.
Place of publication, distribution, etc. Boston :
Name of publisher, distributor, etc. Little, Brown,
Date of publication, distribution, etc. 2003.
300 ## - PHYSICAL DESCRIPTION
Extent 225 p. ;
Dimensions 21 cm.
520 ## - SUMMARY, ETC.
Summary, etc. Blair and Serena, who go to an exclusive private school in Manhattan, are no longer best friends but are still both consumed with thoughts of boyfriends and college.
650 #1 - SUBJECT ADDED ENTRY--TOPICAL TERM
Topical term or geographic name entry element High schools
Form subdivision Fiction.
650 #1 - SUBJECT ADDED ENTRY--TOPICAL TERM
Topical term or geographic name entry element Schools
Form subdivision Fiction.
651 #1 - SUBJECT ADDED ENTRY--GEOGRAPHIC NAME
Geographic name New York (N.Y.)
Form subdivision Fiction.
906 ## - LOCAL DATA ELEMENT F, LDF (RLIN)
a 7
b cbc
c orignew
d 1
e ocip
f 20
g y-gencatlg
942 ## - ADDED ENTRY ELEMENTS (KOHA)
Source of classification or shelving scheme
Koha item type Book
Holdings
Withdrawn status Lost status Source of classification or shelving scheme Damaged status Not for loan Permanent Location Current Location Shelving location Date acquired Total Checkouts Full call number Barcode Date last seen Date last checked out Copy number Price effective from Koha item type
          Central Library (CL) Central Library (CL) Fiction 04/12/2017 1 813.6 ZIE CL1208 09/23/2022 04/08/2021 1 04/12/2017 Book
          Central Library (CL) Central Library (CL) Fiction 11/22/2017 1 813.6 ZIE CL1209 11/22/2023 09/21/2023 2 11/22/2017 Book
© 2023 Central Library, National University of Sciences and Technology. All Rights Reserved.